书目信息 |
| 题名: |
摄影基础
|
|
| 作者: | 姜锡祥 著 | |
| 分册: | ||
| 出版信息: | 杭州 浙江摄影出版社 2000.04 |
|
| 页数: | 319页 | |
| 开本: | 32开 | |
| 丛书名: | ||
| 单 册: | ||
| 中图分类: | TB81-43 | |
| 科图分类: | ||
| 主题词: | 摄影--理论 | |
| 电子资源: | ||
| ISBN: | 7-80536-705-1 | |
| 000 | 00531nam0 2200193 45 | |
| 001 | 0011081865 | |
| 005 | 20001108183750.1 | |
| 010 | @a7-80536-705-1@d43.00元 | |
| 100 | @a20001108d2000 km y0chiy0120 ea | |
| 101 | 0 | @achi |
| 105 | @a z 000yy | |
| 200 | 1 | @a摄影基础@AShe Ying Ji Chu@f姜锡祥 著@FJiang Xi Xiang Zhu |
| 210 | @a杭州@c浙江摄影出版社@d2000.04 | |
| 215 | @a319页@d32开 | |
| 606 | 0 | @a摄影@x理论 |
| 690 | @aTB81-43@v3 | |
| 701 | 0 | @a姜锡祥@4著 |
| 801 | @aCN@bPftUser@c20001108 | |
| 905 | @b212397-401@dTB81-43@eJ903@f5 | |
| 摄影基础/姜锡祥 著.-杭州:浙江摄影出版社,2000.04 |
| 319页;32开 |
| ISBN 7-80536-705-1:43.00元 |
| ● |
| 相关链接 |
|
|
|
正题名:摄影基础
索取号:TB81-43/J903
 
预约/预借
| 序号 | 登录号 | 条形码 | 馆藏地/架位号 | 状态 | 备注 |
| 1 | 212397 | 202123978 | 自科库501/501自科库 19排1列5层/ [索取号:TB81-43/J903] | 在馆 | |
| 2 | 212398 | 202123987 | 自科二线400A/400A自科库 30排1列2层/ [索取号:TB81-43/J903] | 在馆 | |
| 3 | 212399 | 202123996 | 自科库501/501自科库 19排1列5层/ [索取号:TB81-43/J903] | 在馆 | |
| 4 | 212400 | 202124003 | 自科库501/501自科库 19排1列5层/ [索取号:TB81-43/J903] | 在馆 | |
| 5 | 212401 | 202124012 | 自科库501/501自科库 19排1列5层/ [索取号:TB81-43/J903] | 在馆 |